000 00808nam a22001817a 4500
005 20120402130020.0
020 _c175.00
_a
035 _aB-196384
037 _b
_adpl
082 _a330
100 _aअग्रवाल, एम.डी.
_944624
245 1 _aआधारभूत अर्थशास्त्र एवं व्यावसायिक पर्यावरण /
_cएम.डी.अग्रवाल
260 _aदिल्ली
_bश्री महावीर बुक डिपो
_c2003
270 _a
_b
_e
_k
300 _a606पृ.
_c22सेमी (अजिल्द)
942 _adpl
_cHN
_k
_2ddc
_h330
_mअग्रवा
999 _c64581
_d64581